Backstreet Boys: Albums by Cover - Statistics

General Stats
  • This quiz has been taken 10 times
  • The average score is 6 of 10
Answer Stats
Picture Hint Answer % Correct
1996 Backstreet Boys
100%
2000 Black & Blue
83%
1999 Millennium
83%
1997 Backstreet's Back
50%
2019 DNA
50%
2013 In a World Like This
50%
2005 Never Gone
50%
2009 This Is Us
50%
2022 A Very Backstreet Christmas
33%
2007 Unbreakable
33%
No matching quizzes found
Score Distribution
Percent of People with Each Score
Percentile by Number Answered
Your Score History
You have not taken this quiz